Statistics for Telltale The Walking Dead Season 3 Characters

Click here to take the quiz!

General Stats

  • This quiz has been taken 66 times
  • The average score is 10 of 16

Answer Stats

Answer% Correct
Clementine
100%
Javier
98%
David
87%
Gabriel
84%
Kate
84%
Tripp
78%
Mariana
76%
Jesus
71%
Eleanor
64%
Conrad
60%
Joan
60%
Ava
58%
Max
49%
Francine
27%
Clinton
11%
Fern
11%

Score Distribution

Percentile by Number Answered

Percent of People with Each Score

Your Score History

You have not taken this quiz